Dựng mô hình 3D : Studio max

Cách cung cấp thông tin hướng dẫn sử dụng các công cụ cơ bản trong quá trình vẽ và thiết kế tạo mô hình trong chương trình 3D Studio Max 5

محفوظ في:
التفاصيل البيبلوغرافية
المؤلف الرئيسي: Hồ, Hoàn Kiếm
التنسيق: كتاب
اللغة:Undetermined
منشور في: Hà Nội Thống kê 2004
الموضوعات:
الوسوم: إضافة وسم
لا توجد وسوم, كن أول من يضع وسما على هذه التسجيلة!
Thư viện lưu trữ: Trung tâm Học liệu Trường Đại học Cần Thơ
LEADER 00853nam a2200229Ia 4500
001 CTU_213057
008 210402s9999 xx 000 0 und d
082 |a 006.68 
082 |b K304/T.2 
100 |a Hồ, Hoàn Kiếm 
245 0 |a Dựng mô hình 3D : 
245 0 |b Studio max 
245 0 |c Hồ Hoàn Kiếm, Hồ Xuân Phương 
260 |a Hà Nội 
260 |b Thống kê 
260 |c 2004 
520 |a Cách cung cấp thông tin hướng dẫn sử dụng các công cụ cơ bản trong quá trình vẽ và thiết kế tạo mô hình trong chương trình 3D Studio Max 5 
650 |a Computer graphics 
650 |x Computer programs 
904 |i Qhieu 
910 |a Sách kèm đĩa có số AV.000641 
980 |a Trung tâm Học liệu Trường Đại học Cần Thơ